New approaches to CETA training : an overview of the Title III national program for selected population segments.

Bibliographic Details
Corporate Authors: Abt Associates, United States. Employment and Training Administration
Format: Government Document Book
Language:English
Published: Washington : Dept. of Labor, Employment and Training Administration, 1979.
Series:R&D monograph 69.
Subjects:

MARC

Tag First Indicator Second Indicator Subfields
LEADER 00000cam a2200000 i 4500
001 in00000807813
005 20190914063038.0
008 790811s1979 dcu b f00010 eng d
010 |a gp 79020897  
020 |c pbk. 
035 |a (OCoLC)05271837 
035 |9 ADT5922AM 
037 |b Inquiries Unit, Room 10225 Patrick Henry Building, 601 D Street, N.W., 20213 
040 |a GPO  |c GPO  |d UtOrBLW 
043 |a n-us--- 
074 |a 746-H 
086 0 |a L 37.14:69 
110 2 |a Abt Associates. 
245 1 0 |a New approaches to CETA training :  |b an overview of the Title III national program for selected population segments. 
264 1 |a Washington :  |b Dept. of Labor, Employment and Training Administration,  |c 1979. 
300 |a viii, 261 pages ;  |c 28 cm. 
336 |a text  |b txt  |2 rdacontent 
337 |a unmediated  |b n  |2 rdamedia 
338 |a volume  |b nc  |2 rdacarrier 
490 1 |a R & D monograph ;  |v 69 
500 |a "Prepared for the Employment and Training Administration, U.S. Department of Labor, under research and development contract Number 20-25-77-20." 
504 |a Includes bibliographical references. 
651 0 |a United States  |x Full employment policies. 
650 0 |a Manpower policy  |z United States. 
650 0 |a Occupational training  |z United States. 
710 1 |a United States.  |b Employment and Training Administration. 
830 0 |a R&D monograph  |v 69. 
999 |a MARS 
999 f f |s 9c86fc1c-966d-3f3b-bc77-7e2666a3d051  |i 115bbc84-3c44-34a4-a11c-92f20f40c9fc  |t 0 
952 f f |p normal  |a Texas A&M University  |b College Station  |c Sterling C. Evans Library  |d Evans: US Documents (Annex 5th floor)  |t 0  |e L 37.14: 69  |h Superintendent of Documents classification  |i unmediated -- volume  |m A14815802854 
998 f f |a L 37.14: 69  |t 0  |l Evans: US Documents (Annex 5th floor)